Every Lego Game made - Statistics

General Stats
  • This quiz has been taken 20 times
  • The average score is 6 of 65
Answer Stats
Hint Answer % Correct
M Marvel Super Heroes
50%
B Batman 3 Beyond Gotham
33%
B Batman the Videogame
33%
H The Hobbit
33%
B Bionicle
25%
I Island
25%
J Jurassic World
25%
L Lord of the Rings
25%
B Batman 2 DC Super Heroes
17%
C City Undercover
17%
D Dimensions
17%
F Friends
17%
I Indiana Jones 2 The Adventure Continues
17%
I Indiana Jones The Original Adventures
17%
R Racers
17%
R Rock Band
17%
S Star Wars The Complete Saga
17%
S Star Wars The Complete Saga
17%
I The Incredibles
17%
W Worlds
17%
B Bionicle Heroes
8%
B Bionicle Matoran Adventures
8%
B Brawls
8%
C Chess
8%
C Creator
8%
D DC Super Villians
8%
D Drome Racers
8%
I Island 2 The Bricksters Revenge
8%
L Legends of Chima
8%
L Legends of Chima Speedorz
8%
L Lego Battles
8%
L Lego Battles Ninjago
8%
L Legoland
8%
L Loco
8%
P Pirates of the Caribbean
8%
R Rock Raiders
8%
S Star Wars The Force Awakens
8%
S Star Wars The Videogame
8%
B Bionicle Quest for the Toa
0%
B Builders Journey
0%
C City Undercover The Chase Begins
0%
C Creator Knights Kingdom
0%
F Football Mania
0%
G Galaxy Squad Bug Battle
0%
H Harry Potter Year 1-4
0%
H Harry Potter Year 5-7
0%
I Island Xtreme Stunts
0%
K Knights Kingdom
0%
L Legacy Heroes Unboxed
0%
L Legends of Chima Online
0%
L Legends of Chima Tribe Fighters
0%
L Lego Movie 2 Video game
0%
L Lego Movie Videogame
0%
L Lego Racers
0%
L Lego Racers 2
0%
M MArvels Avengers
0%
M Marvel Super Heoes 2
0%
M Minifigures
0%
N Ninjago Shadow of Ronin
0%
N Ninjago Video Game
0%
S Spybotics
0%
S Star Wars 2 The Original Trilogy
0%
S Star Wars 3 The Clone Wars
0%
S Stunt Rally
0%
U Universe
0%
No matching quizzes found
Score Distribution
Percent of People with Each Score
Percentile by Number Answered
Your Score History
You have not taken this quiz